Pre logistiku v potravinárstve je dôležitá rýchlosť

Výrobná logistika v potravinárskom priemysle. Rýchlosť a včasnosť ako hlavné faktory napomáhajúce k zachovaniu kvality prepravovaných tovarov. Správne zodpovedanie obchodných modelov a cieľov a celkovej výkonnosti vďaka dobre navrhnutým tokom tovarov a samotnému riadeniu logistiky, pričom IT technol...

Descripción completa

Guardado en:
Detalles Bibliográficos
Autor principal: Szmrecsányi, Tomáš
Formato: Capítulo de libro
Lenguaje:eslovaco
Materias:
Etiquetas: Agregar Etiqueta
Sin Etiquetas, Sea el primero en etiquetar este registro!

MARC

LEADER 00000naa a2200000 4500
001 0281746
005 20220204152424.9
041 0 |a slo 
044 |a SK 
245 1 0 |a Pre logistiku v potravinárstve je dôležitá rýchlosť  |c Tomáš Szmrecsányi 
520 |a Výrobná logistika v potravinárskom priemysle. Rýchlosť a včasnosť ako hlavné faktory napomáhajúce k zachovaniu kvality prepravovaných tovarov. Správne zodpovedanie obchodných modelov a cieľov a celkovej výkonnosti vďaka dobre navrhnutým tokom tovarov a samotnému riadeniu logistiky, pričom IT technológie sú pri riadení logistiky a dodávateľského reťazca nevyhnutné. Dosahovanie udržateľnosti procesov pri neustálom zrýchľovaní logistických tokov ako cieľ súčasných dodávateľských reťazcov. Vyššia miera automatizácie v skladoch a praktické skúsenosti v podniku TERNO real estate, spol s r. o. 
610 2 0 |a logistika 
610 2 0 |a logistika podniková 
610 2 0 |a logistika distribučná 
610 2 0 |a priemysel potravinársky 
610 2 0 |a potravinárstvo 
610 2 0 |a reťazce dodávateľsko-odberateľské 
610 2 0 |a riadenie reťazcov dodávateľských 
610 2 0 |a reťazce logistické 
610 2 0 |a reťazce distribučné 
610 2 0 |a automatizácia 
100 1 |a Szmrecsányi, Tomáš